| 000 | 00573nam a22001937a 4500 | ||
|---|---|---|---|
| 005 | 20260323200041.0 | ||
| 008 | 260323b |||||||| |||| 00| 0 eng d | ||
| 020 | _a9789913624015 | ||
| 040 |
_aKABLIB _cKABLIB _erda |
||
| 082 |
_223 _a657 _bTUR |
||
| 100 |
_aTuryamushanga, Labson _915749 |
||
| 245 |
_aLabson's essentials of accounting / _cLabson Turyamushanga |
||
| 250 | _aInt. ed. | ||
| 260 |
_aWakiso : _bRoots Publishers Limited, _cc2025. |
||
| 300 |
_av, 573 p. : _bill. ; _c26 cm. |
||
| 500 | _aIncludes appendix, index. | ||
| 650 | _aAccounting | ||
| 942 |
_2ddc _cBOOK |
||
| 999 |
_c6194 _d6194 |
||